| 000 | 00511nam a2200181 a 4500 | ||
|---|---|---|---|
| 001 | 5592 | ||
| 003 | CDMR | ||
| 005 | 20130607105337.0 | ||
| 008 | 130130s1991||||||||||||||||||||||||||||d | ||
| 040 |
_aCDMR _bcat _cCDMR |
||
| 245 | 0 |
_aTeletalk _b: a Dictionary of broadcasting terms |
|
| 260 |
_aBorehamwood (Hertfordshire) _c1991 _bBBC Television training |
||
| 300 | _c18 cm | ||
| 650 | 0 | 4 |
_93463 _aComunicació _xDiccionaris |
| 700 | 1 |
_aJarvis, Peter _eil. _92792 |
|
| 700 | 1 |
_aSkelton, Nick _92793 |
|
| 942 |
_cMON _2udc |
||
| 999 |
_c5592 _d5592 |
||